000 00178 a2200097 4500
020 _a9781890132286
041 _aeng
100 _aWeisman, Alan
245 _aGaviotas
942 _cBK
999 _c3113
_d3113